| 000 | 00394nam a2200157Ia 4500 | ||
|---|---|---|---|
| 003 | GCL | ||
| 008 | 140319s9999 xx 000 0 eng d | ||
| 040 |
_aGCL / _cGCL |
||
| 082 | 0 | 4 |
_a952 _bI H |
| 100 | 1 | _aIENAGA, SABURO | |
| 245 | 1 | 0 |
_aHISTORY OF JAPAN / _cIENAGA, SABURO |
| 260 |
_a[S.N] : _bJAPAN TRAVEL BUREAU ، _c1964 |
||
| 300 | _a262 P | ||
| 650 | 0 | 4 | _aJAPAN - HISTORY |
| 942 |
_2ddc _cBK |
||
| 999 |
_c19596 _d19596 |
||